00746nam a2200205 a 450000100060000000300090000600800410001502000180005604000280007408200180010210000330012024501480015326000390030130000110034049000640035165000240041565000260043965000380046565000370050323525CO-ViMGA141112s2004 ck r 000 u spa d a9789587530179 aCO-ViMGAbspacCO-ViMGA04a303.484 S161d1 aSánchez Gutierrez, Enrique10aDocumentos para la historia del movimiento colombiano contemporáneo / ccompilado por Enrique Sánchez Gutierrez y Hernán Molina Echeverri aColombia : bMinisterio de Cultura a416 p. aBiblioteca básica de los pueblos indigenas de Colombia; 114aColombia - Historia14aIndigenas - Colombia 14aMovimientos indigenas - Colombia 14aMovimientos sociales - Colombia